| Record ID | ia:spongebobgetssud0000auhe |
| Source | Internet Archive |
| Download MARC XML | https://archive.org/download/spongebobgetssud0000auhe/spongebobgetssud0000auhe_marc.xml |
| Download MARC binary | https://www.archive.org/download/spongebobgetssud0000auhe/spongebobgetssud0000auhe_meta.mrc |
LEADER: 01405cam 2200373Ia 4500
001 ocn879205977
003 OCoLC
005 20211117095138.0
008 140505s2011 ohua a 000 1 eng d
040 $aZHI$beng$cZHI$dZHI$dOCLCO$dOCLCF$dOCLCQ$dOCLCA$dOCL
020 $a9781614050926
020 $a1614050929
035 $a(OCoLC)879205977
100 1 $aAu, Heather.
245 10 $aSpongeBob gets the suds! /$cadapted by Heather Au ; illustrated by Zina Saunders.
260 $aAshland, Ohio :$bBendon Publishing International,$c2011.
300 $a1 volume (unpaged) :$bcolor illustrations ;$c24 cm
336 $atext$btxt$2rdacontent
337 $aunmediated$bn$2rdamedia
338 $avolume$bnc$2rdacarrier
500 $aCover title.
500 $aOn board pages.
500 $aBased on the TV series SpongeBob SquarePants as seen on Nickelodeon.
650 0 $aSpongeBob SquarePants (Fictitious character)$vJuvenile fiction.
650 0 $aBoard books.
650 7 $aBoard books.$2fast$0(OCoLC)fst01202255
600 07 $aSpongeBob SquarePants$c(Fictitious character)$2fast$0(OCoLC)fst01201018
655 7 $aFiction.$2fast$0(OCoLC)fst01423787
655 7 $aJuvenile works.$2fast$0(OCoLC)fst01411637
700 1 $aSaunders, Zina.
710 2 $aNickelodeon (Firm)
730 0 $aSpongeBob SquarePants (Television program)
994 $aZ0$bP4A
948 $hNO HOLDINGS IN P4A - 14 OTHER HOLDINGS